000 00755nam a2200229 a 4500
001 BRL_1956
005 20190320211442.0
008 201216s1993----mx-a######---#000-0#spa-#
041 _aspa
044 _amx
050 4 _aLAS29
_b.T73 1993
100 1 _aTrejo Castro, Juan
_928307
245 1 0 _aEl proceso de cambio a través del uso del rebozo
_bcaso de Tenancingo de Degollado Estado de México.
260 _aToluca, México
_c1993
300 _a100 p.
_bil. cuadros
_c28 cm.
500 _aAu1256
502 _aTesis Licenciatura (Licenciado en Antropología Social) UAEM, Escuela de Antropología
650 1 4 _aAntropología social
_zMéxico
_928002
700 1 _aMuñoz Samayoa, Fernando
_eDirector
_928308
902 _aTERL
942 _2lcc
_cTES
999 _c10763
_d10763